Ukrajins'ka mova dľa 4-ho klasu ODŠ

Bibliographic Details
Main Authors: Šelepec, Jozef, 1938- (Author), Kriľ, Mychajlo (Author)
Other Authors: Biss-Kapišovska, Eva (Illustrator)
Format: Book
Language:Ukrainian
PhysicalDescription:173, [4] s. ilustr. 8°
Published: Bratislava Slovenské pedagogické nakladateľstvo 1963
Subjects:

MARC

LEADER 00000cam a2200000 a 4500
001 vtls008338201
003 SK-MaSNL
005 20260301180753.0
008 251001s1963 xo a b p 000 0 ukr
015 |a SNBA1963/07-01454 
020 |q (viaz.) 
035 |a SK01SNK19630030418 
035 |a urn:nbn:sk:snk-am3iqw9 
035 |a F4B8A712-8708-48C7-B9BF-3E1B92553229 
035 |a urn:nbn:sk:snk-am00fegz 
035 |a SKM000032881 
040 |a SNK  |b slo  |c SNK  |e AACR2 
041 0 |a ukr 
044 |a xo  |c SK 
080 |a 372.880.83(075.2)=83  |2 1981 
100 1 |a Šelepec, Jozef,  |d 1938-  |4 aut  |9 109491 
245 1 0 |a Ukrajins'ka mova dľa 4-ho klasu ODŠ  |c Josyf Šelepec', Mychajlo Kriľ ; maľunky Evy Biss-Kapišovs'koji 
260 |a Bratislava  |b Slovenské pedagogické nakladateľstvo  |c 1963  |e Prešov  |f Východoslovenské tlačiarne 
300 |a 173, [4] s.  |b ilustr.  |c 8° 
366 |e 2500 výtl. 
650 0 7 |a ukrajinčina  |2 SNKPH  |9 1347 
655 7 |a učebnice základných škôl  |2 SNKPH  |9 70187 
700 1 |a Kriľ, Mychajlo  |4 aut  |9 552454 
700 1 |a Biss-Kapišovska, Eva  |4 ill  |9 552455 
852 |a Slovenská národná knižnica 
958 |a EUIPO 
958 |a OND 
958 |a UX 
958 |a UK 
958 |a RK 
999 |c 847539  |d 849469 
952 |a SNK  |b SNK  |y PREZ  |7 0  |p 17A0882576  |o snkSC 17788  |i snkKSP 2783/63  |0 0  |1 0  |4 0  |d 2020-10-05  |f 1  |l 0  |r 2025-07-25 00:00:00  |w 2026-02-24 
952 |a SNK  |b SNK  |y VYP  |7 0  |o snkSC 17788 D1  |0 0  |1 0  |4 0  |d 2020-10-05  |l 0  |r 2026-02-24 04:31:40  |w 2026-02-24